Bibliographie géologique et paléontologique de l'Italie (Record no. 152102)

MARC details
000 -LEADER
campo de control de longitud fija 00679nam a22001575i 4500
001 - NÚMERO DE CONTROL
campo de control 152102
003 - IDENTIFICADOR DE NÚMERO DE CONTROL
campo de control ES-MaACL
005 - FECHA Y HORA DE LA ÚLTIMA TRANSACCIÓN
campo de control 20230906204532.0
008 - DATOS DE LONGITUD FIJA--INFORMACIÓN GENERAL
campo de control de longitud fija 051013s1881 it | |||||||| ||ita d
040 ## - FUENTE DE CATALOGACIÓN
Centro catalogador/agencia de origen CAM
Lengua de catalogación spa
Centro/agencia transcriptor CAM
245 00 - MENCIÓN DEL TÍTULO
Título Bibliographie géologique et paléontologique de l'Italie
Resto del título : pour les soins du Comité d'Organisation du "II Congrès Geologique International à Bologne.
260 ## - PUBLICACIÓN, DISTRIBUCIÓN, ETC.
Lugar de publicación, distribución, etc. Bologne :
Nombre del editor, distribuidor, etc. Nicolas Zanichelli,
Fecha de publicación, distribución, etc. 1881 (
Lugar de fabricación/manufactura Modena :
Fabricante Tipi di Nicola Zanichelli)
300 ## - DESCRIPCIÓN FÍSICA
Extensión VIII, 630 p. ;
Dimensiones 23 cm.
711 2# - ENTRADA AGREGADA--NOMBRE DE REUNIÓN
Nombre de congreso/reunión o jurisdicción como elemento de entrada Congrés Géologique International (
Número del congreso/reunión o número de parte o sección 2º.
Fecha del congreso o de la firma del tratado 1881.
Sede del congreso/Lugar de la reunión Bologne)
9 (RLIN) 239
852 ## - LOCALIZACIÓN
Ubicación ES-MaACL
Número de control de estantería B-7994
Nota libre -- Enc. hol. conservando la cub. original
Holdings
Estatus retirado Estado de pérdida Estado de daño No para préstamo Colección Biblioteca de origen Biblioteca actual Ubicación en estantería Fecha de adquisición Fuente de adquisición Total de préstamos Signatura topográfica completa Código de barras Visto por última vez Precio de reemplazo Tipo de ítem Koha
        Libros del s. XIX Biblioteca del Ateneo de Madrid Biblioteca del Ateneo de Madrid Sala Pardo Bazán 17/01/2008     B-7994 1158772 23/02/2023 23/02/2023 Libro impreso antiguo